Between the devil and the deep blue sea (Record no. 80643)
[ view plain ]
| 000 -LEADER | |
|---|---|
| fixed length control field | 01290cab a22002655a 4500 |
| 001 - CONTROL NUMBER | |
| control field | L144919 |
| 008 - FIXED-LENGTH DATA ELEMENTS--GENERAL INFORMATION | |
| fixed length control field | 080820e20080816xxka f g 000 0 eng d |
| 035 ## - SYSTEM CONTROL NUMBER | |
| System control number | (Sirsi) u144919 |
| 041 0# - LANGUAGE CODE | |
| Language code of text/sound track or separate title | eng |
| 100 1# - MAIN ENTRY--PERSONAL NAME | |
| Personal name | Baloo, Zia |
| 245 00 - TITLE STATEMENT | |
| Title | Between the devil and the deep blue sea |
| 260 ## - PUBLICATION, DISTRIBUTION, ETC. | |
| Date of publication, distribution, etc. | 2008 |
| 490 ## - SERIES STATEMENT | |
| Series statement | Estates Gazette |
| Volume/sequential designation | (0832) 16 August 2008, 76-78(3) |
| 520 ## - SUMMARY, ETC. | |
| Summary, etc. | Article discusses the legal ramifications of tenants holding over leases and investigates some of the relevant case law. The authors advise landlords to take care when demanding and accepting rent following the expiry of a lease, without leaving themselves open to loss of income. Advises that during the negotiation of a new lease the tenant will usually have the status of a tenant at will and suggests that both landlord and tenant should agree to this explicitly so as to clarify the rights and liabilities of all parties. |
| 590 ## - LOCAL NOTE (RLIN) | |
| Local note | KA |
| 650 24 - SUBJECT ADDED ENTRY--TOPICAL TERM | |
| Topical term or geographic name entry element | LANDLORD AND TENANT ACT 1954 S26 |
| 650 24 - SUBJECT ADDED ENTRY--TOPICAL TERM | |
| Topical term or geographic name entry element | DREAMGATE PROPERTIES LTD V ARNOT |
| 650 24 - SUBJECT ADDED ENTRY--TOPICAL TERM | |
| Topical term or geographic name entry element | JAVAD V AQIL |
| 650 24 - SUBJECT ADDED ENTRY--TOPICAL TERM | |
| Topical term or geographic name entry element | JONES V LONDON BOROUGH OF MERTON |
| 650 24 - SUBJECT ADDED ENTRY--TOPICAL TERM | |
| Topical term or geographic name entry element | LANDLORD AND TENANT ACT 1954 S25 |
| 651 #4 - SUBJECT ADDED ENTRY--GEOGRAPHIC NAME | |
| Geographic name | England and Wales |
| Chronological subdivision | 1543- |
| 690 ## - LOCAL SUBJECT ADDED ENTRY--TOPICAL TERM (OCLC, RLIN) | |
| Topical term or geographic name as entry element | PROPERTY-LANDLORD AND TENANT-LEASES-LEASE RENEWAL |
| 700 1# - ADDED ENTRY--PERSONAL NAME | |
| Personal name | Muncey, John |
| 942 ## - ADDED ENTRY ELEMENTS (KOHA) | |
| Suppress in OPAC | 0 |
| Withdrawn status | Lost status | Source of classification or shelving scheme | Damaged status | Not for loan | Home library | Current library | Shelving location | Date acquired | Total Checkouts | Full call number | Barcode | Date last seen | Copy number | Price effective from | Koha item type |
|---|---|---|---|---|---|---|---|---|---|---|---|---|---|---|---|
| Dewey Decimal Classification | London | London | Journal article | 20/08/2008 | L144919 | 144919-1001 | 06/08/2019 | 1 | 06/08/2019 | Journal article |